000 00711nam a2200265 i 4500
001 C2-0317095
003 PPAK
005 20180728113307.0
008 120826s2011 my |||| ||||| | may d
020 _a9789671040409
040 _aPPAK
_beng
_cPPAK
_erda
082 0 4 _a899.233
_223
090 0 0 _a899.233
_bAIN
_dG
100 0 _aAin Maisarah,
_eauthor
245 1 0 _aCinderellah vs Rapunzellah
264 1 _aBatu Caves, Selangor :
_bBlink Book ,
_c2011
300 _a288 pages ;
_c18 cm
336 _2rdacontent
_atext
337 _2rdamedia
_aunmediated
338 _2rdacarrier
_avolume
650 1 0 _aMalay fiction.
700 _eauthor
700 0 _aNurismaliza Ismail,
_eeditor
942 _ddc
_cB
999 _c118190
_d118190